| 000 | 00937nam a22002777a 4500 | ||
|---|---|---|---|
| 003 | CHAP | ||
| 005 | 20220329135427.0 | ||
| 008 | 971013s1940 r 00010 d | ||
| 010 | _a36291 | ||
| 011 | _a37263 | ||
| 035 | _a41382 | ||
| 040 | _cCHAP | ||
| 082 |
_a338.1743 _bM4 |
||
| 110 |
_aMéxico. Departamento de Control de la Producción Agrícola _976902 |
||
| 245 | _aDirectorio especial de productores de cítricos en la República Mexicana. Lima. Limón. Naranja. Toronja | ||
| 260 |
_aMéxico, D.F. : _bSecretaría de Agricultura y Fomento, _c1940 |
||
| 300 | _a36 h | ||
| 590 |
_aBATCH-UPD _b10 _c20130110 _lUCH01 _h1916 |
||
| 590 |
_aBATCH-UPD _b10 _c20130410 _lUCH01 _h1242 |
||
| 590 |
_aBATCH-UPD _b10 _c20130914 _lUCH01 _h0958 |
||
| 590 |
_aCONVERSION _b10 _c20130109 _lUCH01 _h1320 |
||
| 650 | 1 | 4 |
_aCítricos _xMéxico. _924454 |
| 901 | _aBK | ||
| 942 | _cLIBRO | ||
| 949 |
_a338.1743 M4 _bBC _cBPA _d-94735 _eBPA _h5822 _i41382 _si |
||
| 999 |
_c36291 _d36291 |
||